000 00269pam a2200121 a 4500
020 _c
041 _h
082 _a750
_bGOS
245 _aNain Sukh of Galer
_hTextual Documents
260 _a[s.l]:
_bB. N. Goswamy ,
_c2011.
300 _a304:
_bpaper.
930 _a6821
999 _c240611
_d240611